| 000 | 00643nam a22002417a 4500 | ||
|---|---|---|---|
| 008 | 130505b xxu||||| |||| 00| 0 eng d | ||
| 020 | _a981-235-845-5 | ||
| 024 | _cavailable | ||
| 037 | _cavailable | ||
| 040 |
_ambstu Library _dMbstu Library |
||
| 082 |
_222 _a546 SHI |
||
| 100 | _aSharpe, Alan G | ||
| 245 | _aInorganic chemistry | ||
| 250 | _a3rd Edition | ||
| 260 |
_aEngland _bAddison Wesley _c1992 |
||
| 300 |
_a24 cm _bxiii,702 page _f1 _g24 cm |
||
| 600 | _2Inorganic Chemistry | ||
| 700 | _aSharpe, Alan G | ||
| 270 |
_aEngland _bEngland _dEngland |
||
| 365 |
_b600.00 _d600.00 |
||
| 942 |
_2ddc _cBK |
||
| 999 |
_c293 _d293 |
||